000 00506nam a2200181Ia 4500
001 10910
005 20260306161907.0
008 260306t2016||||xx |||||||||||||| ||spa||
041 _aESP
082 _a980.02
_bB47
100 _aBetancourt Mendieta, Alexander
_eAUT
245 0 _aEscritura de la historia y política:
_bel sesquicentenario de la independencia en América Latina
260 _c2016
300 _a329 páginas :
_c24 cm.
650 _aGEN
654 _aCHU
942 _cLIB
_dJUS
_fJUS
_2ddc
_n
999 _c10910
_d10910